Представление документа в формате MARC21

Поле Инд. ПП Название Значение
Тип записи a
Библиографический уровень b
001 Контрольный номер RU/IS/BASE/194286691
005 Дата корректировки 20200522191006.2
008 Кодируемые данные 20060226
084 a Индекс другой классификации/Индекс ББК 60.523; 60.028
100 1_ a Автор Рассадина Т. А.
q Полное имя Рассадина Татьяна Анатольевна
245 a Заглавие Механизмы процесса трансформаций традиционных ценностей
504 a Библиография Библиогр. ссылки
650 a Основная рубрика социальная философия
a Основная рубрика социология
a Основная рубрика социология культуры
a Основная рубрика философия
653 a Ключевые слова духовные ценности
a Ключевые слова общественное сознание
a Ключевые слова социальная трансформация
a Ключевые слова социокультурная трансформация
a Ключевые слова традиционные ценности
a Ключевые слова трансформация ценностей
773 t Заглавие источника Вестник Московского университета. Серия 18, Социология и политология
d Дата издания источника 2005
g Прочая информация № 4. - С. 50 - 64 : рис., табл., схем.
w Контрольный № источника RU/IS/BASE/193325762
901 t Тип документа b